03868cam a22002895a 4500999001700000005001700017008004100034020001800075040003300093082002300126100002500149245010000174260006000274300002600334504005100360505063900411520182501050650004302875650004902918651001002967653003802977942000803015952014103023952014103164952012903305952014403434 c23568d2354020181016133710.0130312t2013 enk frb f001 0 eng d a9780199322190 aDLCbengcDLCdDLCdEG-ScBUE04a339.50904bGRO2221 aGrossman, Richard S.10aWrong :bnine economic policy disasters and what we can learn from them /cRichard S. Grossman. aOxford ;aNew York :bOxford University Press,cc.2013. axxi, 266 p. ;c24 cm. aIncludes bibliographical references and index.0 aHow to lose an empire without really trying : British imperial policy in North America -- Establish, disestablish, repeat : the first and second banks of the United States -- The great hunger : famine in Ireland, 1846-1852 -- The Krauts will pay : German reparations after World War I -- Shackled with golden fetters : Britain's return to the gold standard, 1925-1931 -- Trading down : the Smooth-Hawley Tariff, 1930 -- Why didn't anyone pull the Andon cord? Japan's lost decade -- The worst financial crisis since the Great Depression : the subprime meltdown -- I'm ok. Euro not ok? -- What have we learned? Where do we go from here? aIn recent years, the world has been rocked by major economic crises, most notably the devastating collapse of Lehman Brothers, the largest bankruptcy in American history, which triggered the breathtakingly destructive sub-prime disaster. What sparks these vast economic calamities? Why do our economic policy makers fail to protect us from such upheavals? In Wrong, economist Richard Grossman addresses such questions, shining a light on the poor thinking behind nine of the worst economic policy mistakes of the past 200 years, missteps whose outcomes ranged from appalling to tragic. Grossman tells the story behind each misconceived economic move, explaining why the policy was adopted, how it was implemented, and its short- and long-term consequences. In each case, he shows that the main culprits were policy makers who were guided by ideology rather than economics. For instance, Wrong looks at how America's unfounded fear of a centralized monetary authority caused them to reject two central banks, condemning the nation to wave after wave of financial panics. He describes how Britain's blind commitment to free markets, rather than to assisting the starving in Ireland, led to one of the nineteenth century's worst humanitarian tragedies- the Irish famine. And he shows how Britain's reestablishment of the gold standard after World War I, fuelled largely by a desire to recapture its pre-war dominance, helped to turn what would otherwise have been a normal recession into the Great Depression. Grossman also explores the Smoot-Hawley Tariff of 1930, Japan's lost decade of the 1990s, the American subprime crisis, and the present European sovereign debt crisis. Economic policy should be based on cold, hard economic analysis, Grossman concludes, not on an unquestioning commitment to a particular ideology. 7aFinancial crisesvCase studies.2BUEsh 7aEconomic policyvCase studies.2BUEsh928534 2BUEsh bBUSECOcDecember2016cOctober2018 2ddc 00102ddc40708BaccahaMAINbMAINc1STd2016-12-14ePurchaseg320.00l1o339.50904 GROp000040403r2025-07-15 00:00:00s2019-04-16yBB 00102ddc40708BaccahaMAINbMAINc1STd2016-12-14ePurchaseg320.00l1o339.50904 GROp000040404r2025-07-15 00:00:00s2017-02-07yBB 00102ddc40708BaccahaMAINbMAINc1STd2016-12-14ePurchaseg320.00l0o339.50904 GROp000040405r2025-07-15 00:00:00yBB 00102ddc40708BaccahaMAINbMAINc1STd2018-04-29ePurchaseg211.00h21201l0o339.50904 GROp000043215r2025-07-15 00:00:00v264.00yBB